| 000 | 00928nam a22001937a 4500 | ||
|---|---|---|---|
| 008 | 160518b xxu||||| |||| 00| 0 eng d | ||
| 020 | _a9977966052 | ||
| 020 | _a9789977966052 | ||
| 082 |
_a759.972.86 _bH565m |
||
| 100 |
_aFabio Herrera; Ulrich Pegels; Victor Zamudio-Taylor _94969 |
||
| 245 |
_aFabio Herrera : magia _bpinturas realizadas en sus estudios en Manhattan, Nuevo York y Tibás, Costa Rica de los años 1994 - 1997 _cFabio Herrera; Ulrich Pegels; Victor Zamudio-Taylor |
||
| 260 |
_aSan José, C.R. _bLitografía e Impr. Imperial [S.l.] Ed. de la Colección Pegels-Rojas de Arte Contemporaneo Costarricense _c2000 |
||
| 300 |
_aunpaged _bill, col. _c27cm |
||
| 600 |
_aFabio Herrera Martinez 1954- _vCatalogo de exhibición _94970 |
||
| 650 |
_aPintura costarricense _vArte costarricense _y1994-1997 _94971 |
||
| 700 |
_aFabio Herrera _94940 |
||
| 700 |
_a Victor Zamudio-Taylor _94972 |
||
| 700 |
_a Ulrich Pegels _94956 |
||
| 999 |
_c904 _d904 |
||